000 00661nam a2200217 a 4500
001 7540
003 CO-ViMGA
008 141112s2004 ck r 000 u spa d
020 _a9589105424
040 _aCO-ViMGA
_bspa
_cCO-ViMGA
082 0 4 _a346.078 F657
100 1 _aFonseca Ramos, Marco Antonio
_96867
245 1 0 _aProcesos concursales :
_bconcordato y liquidación obligatoria :
_bdecreto 350 de 1989, ley 222 de 1995
260 _aBarranquilla :
_bUninorte,
_c1996
300 _a574 p
490 _aJuridica
650 1 4 _aCONCORDATOS (DERECHO MORAL)
_96868
650 1 4 _aEMPRESAS - LIQUIDACIONES
_96869
650 1 4 _aQUIEBRA
_96870
942 _2ddc
_cBK
999 _c19487
_d19487